000 00597nam a2200193 a 4500
005 20140310183559.0
008 111118s19uu xx 00 eng d
020 _a9789810697112
050 _aTK 5105.78
_b.J64 2008
100 _aJohnson, Allan
245 _aLAN switching and wireless :
_bCCNA exploration labs and study guide /
_cAllan Johnson.
260 _aIndiana, USA :
_bCISCO Press,
_c2008.
300 _a336
521 _aIT
650 _aWireless LAN
_xExaminatios
_xStudy guide
650 _aPacket switching
_xExaminations
_xStudy guides
942 _cBK
_2lcc
_kFOR
999 _c25068
_d25068